000 02346cam a22002774a 4500
003 OSt
005 20240530110418.0
008 050913s2006 nyua b 001 0 eng
020 _a9774249968
040 _aEG-CaGPL
_cEG-CaGPL
082 0 0 _221
_a728.82
_bCC/J E
100 1 _aJohnston, Shirley.
245 1 0 _aEgyptian palaces and villas :
_bpashas, khedives, and kings /
_cShirley Johnston, with Sherif Sonbol.
260 _aCairo :
_bThe American University in Cairo,
_cc2006.
300 _a207 p. :
_bcol. ill. ;
_c32 cm.
504 _aIncludes bibliographical references (p. 204) and index.
505 0 _aGawhara Palace -- Shoubra Palace : Nymphaeum -- Ras El-Tin Palace -- Hosh Al-Basha -- Monasterly Salamlik -- Mena House -- Gezira Palace -- Abdin Palace -- Antoniadis Villa and Gardens -- The Khedive Ismail's rest house -- Abd El-Razik Salamlik -- Mohammed Amin Wali House -- L'Hôtel Saint-Maurice -- The Residency "Bayt Al-Lurd" -- Fatima Hanem Chahin House -- The Winter Palace -- Montaza Palace and Salamlik -- The Cataract -- El-Masri Pasha Salamlik -- Bindernagel Villa -- Fakhry Bey Abd El-Nour Villa -- Zaafaran Palace -- Manial Palace -- Baron Empain Palace -- Youssef Pasha Soliman Villa -- Loutfy Mansour House -- Prince Youssef Kamal Hall -- Palazzina Dr. Ali Pasha Ibrahim -- Mizrahi Pasha Villa -- Sinout Bey Hanna Villa -- Greiss Villa -- Villa of the Papal Nuncio -- Royal Legation of Italy -- El-Chennaoui Villa -- Badrawi-Ashur Palace -- Abaza Villa -- Spahi House -- Hamed Said Studio and House -- Toussoun Abu Gabal House -- El-Mallawany House -- El-Mezlawy Palace.
520 _aEgypt's romantic allure does not end with the age of the pharaohs. This lavishly illustrated book offers a look inside the opulent estates of the pashas, khedives, and great ladies of 19th-century Egypt, and the princes and kings of the early 20th century. Here in all its cosmopolitan splendor is the world of unparalleled prosperity that attracted adventurers the world over, from the Belle Époque through the Roaring Twenties.--From publisher description.
650 0 _aPalaces
_zEgypt.
650 0 _aCountry homes
_zEgypt.
650 0 _aArchitecture
_zEgypt
_xHistory
_y19th century.
650 0 _aArchitecture
_zEgypt
_xHistory
_y20th century.
700 0 _aSherif Sonbol.
942 _2ddc
_cBK
999 _c60593
_d60593